| 000 | 01008nam a2200265 i 4500 | ||
|---|---|---|---|
| 001 | 170174 | ||
| 003 | ES-MaACL | ||
| 005 | 20250918063042.0 | ||
| 008 | 090209s1992 sp |||| | spa d | ||
| 017 | _aM 10.660-1992 | ||
| 020 | _a84-376-1088-5 | ||
| 080 | _a860-293.1"19" | ||
| 080 | _a782.1 | ||
| 100 | 1 |
_aPenella, Manuel, _d1880-1939 _9139388 |
|
| 245 | 1 | 3 |
_aEl gato montés _b: ópera en tres actos de Manuel Penella / _clibreto de Manuel Penella ; con revisión de Miguel Roa ; edición de Justo Romero. |
| 260 |
_aSevilla : _bSociedad Estatal para la Exposición Universal Sevilla 92 ; _aMadrid : _bCátedra, _c1992. |
||
| 300 |
_a137 p. : _bil., mús. ; _c23 cm. |
||
| 504 | _aBibliografía. | ||
| 600 | 1 | 7 |
_aPenella, Manuel, _d1880-1939 _2 _9139388 |
| 650 | 4 |
_aÓperas- _vLibretos. _9137584 |
|
| 700 | 1 |
_aRoa, Miguel. _9139389 |
|
| 700 | 1 |
_aRomero, Justo. _9139390 |
|
| 852 | 4 |
_aES-MaACL _jE-12432 _9R.140595 _z. - Biblioteca Jacinto Martínez Lacalle |
|
| 999 |
_c170174 _d170174 |
||